000 00770nam a2200217Ia 4500
005 20260601193245.0
008 260601s9999||||xx |||||||||||||| ||und||
020 _a978-3-031-62578-7
_qebk
100 _aChristophe Danjou
245 0 _aProduct Lifecycle Management. Leveraging Digital Twins, Circular Economy, and Knowledge Management for Sustainable Innovation
250 _a2024
260 _aHeidelberg, Germany
_bSpringer Nature
_c2024
440 _aIFIP Advances in Information and Communication Technology
650 _aComputer Science
700 _aAbdelaziz Bouras
700 _aFelix Nyffenegger
700 _aLouis Rivest
700 _aRamy Harik
856 _uhttps://link.springer.com/openurl?genre=book&isbn=978-3-031-62578-7
942 _cEB
_2ddc
999 _c56547
_d56547